01077nam a2200241Ia 4500001000600000003000900006008004100015040001300056040001300069041001300082100002100095100002900116245003200145245003200177250001100209260001000220260001400230260004900244300005700293500042600350650002800776650003100804B0852IT-RoPAU130308s9999 xx 000 0 und d aIT-RoPAU cIT-RoPAU aFRANCESE aDe Camaret Henri gCodice Aut. SPICS: 37222 aGens de la television (Les) bGens de la television (Les) a1a ed. aPARIS bCriterion c1991 [1° Ed.:1991 - Ed.Ling.Originale:1991] a"328 p. (prefazione: no ; testo: 328 [pagine: 0-0])" aSaggio Sugli Uomini e le Donne della Televisione Francese. l'autore ci parla della Loro Formazione e Cultura, Cosa Pensano del Loro Lavoro, Come vivono e Quanto Guadagnano, Come Sono Entrati Alla Televisione, Come vivono Glialtri e bassi della Loro Carriera, le Loro Idee e Loro Sogni. Noi Li vediamo Sul Piccolo schermo Ma Non Sempre Li Conosciamo nella Loro Realtà Umana. tanti Esempi di Personaggi della tv Francese. aSAGGI SULLA TELEVISIONE eCodice materia Spics: 6961